Sports Quiz

Random Sports Quiz
Score 0/20 Timer 03:00
0 Plays Today
Sport % Correct
Athletics
84%
Football
84%
Swimming
80%
Tennis
68%
Gymnastics
64%
Rowing
64%
Archery
56%
Fencing
52%
Equestrian
48%
Sailing
44%
Sport % Correct
Cricket
40%
Rugby Union
40%
Tug Of War
40%
Golf
36%
Shooting
36%
Cycling
32%
Croquet
28%
Water Polo
28%
Polo
20%
Basque pelota
8%
Remove Ads.
Support Sporcle.
Get the best of Sporcle when you Go Orange. This ad-free experience offers more features, more stats, and more fun while also helping to support Sporcle. Thank you for becoming a member.

You're not logged in!

Compare scores with friends on all Sporcle quizzes.
OR
Log In

Show Comments

Extras

Created Jul 3, 2012SourceReportNominate
Tags:1900, Comprised, pari

Top Quizzes Today


Score Distribution

Your Account Isn't Verified!

In order to create a playlist on Sporcle, you need to verify the email address you used during registration. Go to your Sporcle Settings to finish the process.

Report this User

Report this user for behavior that violates our Community Guidelines.

Details: